Naxal violence : (Record no. 92554)

MARC details
000 -LEADER
fixed length control field 00922nam a22002537a 4500
005 - DATE AND TIME OF LATEST TRANSACTION
control field 20150407150838.0
010 ## - LCCN (DPL NO)
LC control number ENG-112523
020 ## - INTERNATIONAL STANDARD BOOK NUMBER
International Standard Book Number 9789381904152
Terms of availability 1395.00
035 ## - SYSTEM CONTROL NUMBER
System control number EN-96055
037 ## - SOURCE OF ACQUISITION
Source of stock number/acquisition DBAD/PUB
082 ## - DEWEY DECIMAL CLASSIFICATION NUMBER
Classification number 320.5320954
245 00 - TITLE STATEMENT
Title Naxal violence :
Statement of responsibility, etc edited by Gurmeet Kanwal [and] Dhruv C Katoch
Remainder of title the threat within /
260 ## - PUBLICATION, DISTRIBUTION, ETC. (IMPRINT)
Place of publication, distribution, etc New Delhi
Name of publisher, distributor, etc KW Publishers KW Publishers in association with Centre for Land Warfare Studies
Date of publication, distribution, etc 2013
270 ## - ADDRESS
Address 4676/21, First Floor, Ansari Road, Daryaganj,
City New Delhi
Postal code 110002
300 ## - PHYSICAL DESCRIPTION
Extent xiii,247p.
Dimensions 24cm(Hb)
500 ## - GENERAL NOTE
General note Contributed articles.
610 ## - SUBJECT ADDED ENTRY--CORPORATE NAME
Corporate name or jurisdiction name as entry element Communist Party of India-Maoist.
650 ## - SUBJECT ADDED ENTRY--TOPICAL TERM
Topical term or geographic name as entry element Naxalite movement
Geographic subdivision India.
650 ## - SUBJECT ADDED ENTRY--TOPICAL TERM
Topical term or geographic name as entry element Violence
Geographic subdivision India.
700 ## - ADDED ENTRY--PERSONAL NAME
Personal name Kanwal, Gurmeet
700 ## - ADDED ENTRY--PERSONAL NAME
Personal name Katoch, Dhruv C.
710 ## - ADDED ENTRY--CORPORATE NAME
Corporate name or jurisdiction name as entry element Centre for Land Warfare Studies (New Delhi, India)
942 ## - ADDED ENTRY ELEMENTS (KOHA)
Source of classification or shelving scheme Dewey Decimal Classification
Item type English Books
Call number suffix NAX
Classification part 320.5320954
Holdings
Withdrawn status Lost status Not for loan Collection code Home library Current library Date acquired Source of acquisition Cost, normal purchase price Full call number Barcode Copy number Cost, replacement price Koha item type
    Not For Loan Non-fiction D.B.Act.Division D.B.Act.Division 26/03/2015 DBAD/PUB 1395.00 320.5320954 NAX EN-96055 1 1395.00 English Books

© Delhi Public Library
Hit Counter
free hit counter